000 00618nam a2200229Ia 4500
003 OSt
005 20221005120233.0
006 a|||||r|||| 00| 0
007 ta
008 221004b |||||||| |||| 00| 0 eng d
024 _a40085
037 _cTextual
040 _aCRL
_cCRL
_beng
041 _2eng
_aeng
082 _aO:6I99:1, H8
100 _aStarkey Thomas
_9628831
245 0 _aDialogue between Reginald Pole and Thomas Lupset ed by Kathleen M Burton
260 _c1948
650 _aENGLISH LITERATURE
942 _hO:6I99:1, H8
_cTEXL
_2cc
999 _c1037326
_d1037326